| 000 | 01106nam a2200313 i 4500 | ||
|---|---|---|---|
| 003 | EG-GICUC | ||
| 005 | 20260121101408.0 | ||
| 008 | 251130m ua ||||fr|||| 000 0 ara d | ||
| 040 |
_a EG-GICUC _bara _c EG-GICUC _d EG-GICUC _erda |
||
| 041 | _aara | ||
| 082 | 0 | 4 |
_221 _a343.3 _bم د . و |
| 092 | 0 | 4 | _221 |
| 099 | _aLaw1 10 343.3 م د . و 2010 | ||
| 100 | 0 |
_aمدحت رمضان _eمؤلف. |
|
| 245 | 1 | 2 |
_aالوجيز في شرح قانون الإجراءات الجنائية / _cالدكتور مدحت رمضان |
| 250 | _aالطبعة الاولى | ||
| 264 | 1 |
_aالقاهرة : _bدار النهضة العربية, _c2010. |
|
| 300 |
_a227 صفحة ؛ _c24 سم |
||
| 336 |
_2rda content _atext |
||
| 337 |
_2rda media _aComputer |
||
| 338 |
_2rda carrier _aOnline Resource |
||
| 546 | _aالنص باللغة العربية | ||
| 650 | 1 | 4 |
_aقانون الإجراءات الجنائية _2qrmak |
| 650 | 1 | 4 | _aالقانون الجنائي |
| 651 | 1 | _2qrmak | |
| 856 | 4 | 0 | _uhttps://fll.law.cu.edu.eg/fulltext/bks/B10-05670.pdf |
| 905 |
_a5 _eHassnaa |
||
| 942 |
_2ddc _cBK _e21 _n0 |
||
| 999 |
_c47474 _d47474 |
||